000 00446nam a22001337a 4500
008 151020b xxu||||| |||| 00| 0 eng d
050 _aSPCH4.R454 1983
100 _aHeelan, Patrick A.
_920315
245 _aPerception as a hermeneutical act p. 61-76
_cPatrick A. Heelan
260 _aWashington D.C.
_bPhilosophy Documentation Center
_c1983
300 _a229p. ;
_c25cm.
440 _aThe review of metaphysics
_n1
_v37
_920316
942 _2lcc
_cSPC
999 _c123535
_d123535